000 00696cas a22001935a 4500
001 L137346
008 070330c2005 xxkqr p 0 a0eng u
035 _a(Sirsi) u137346
041 0 _aeng
110 2 _aRoyal Institution of Chartered Surveyors
_94900
245 0 0 _aQuarterly Operational Performance Report
260 _aLondon
_bRICS
_c2005-
362 0 _a(1) November 2005
554 _aFour per year
651 4 _aGreat Britain
_y1707-
690 _aABOUT RICS
856 4 1 _uhttps://one/rics_home/rics_toolkit/businessinformation/Performance+reports/quarterlyperformancereport.htm
_zRICS members of staff can view an electronic vesion of this reprt by following this link
942 _n0
999 _c118903
_d118903